00572nam a2200169Ia 4500008004100000020001800041041000800059082001600067100002100083245004800104250000600152260004100158300001200199650004700211999001900258952012500277210716s2010 xx 000 0 und d a9780230328785 aeng a332.64 KHAD aKhatri, Dhanesh. aSecurity analysis and portfolio management. a1 aNew DelhibMacmillan India Ltdc2010 axxx,573 aInvestment Analysis & Portfolio Management c208042d208042 001040708MBAaAIMITbAIMITd2013-03-13g510.00l0o332.64 KHADpMBA10608r2026-05-23 00:00:00v382.50w2021-07-16yBK